Hartă României Mare [térkép]

Elmentve itt :
Bibliográfiai részletek
Dokumentumtípus: Kézirat
Kulcsszavak:Románia - térkép
Tárgyszavak:
Online Access:http://misc.bibl.u-szeged.hu/68980
LEADER 00551ntm a2200169 i 4500
001 misc68980
005 20211018142138.0
008 211018suuuu hu o 0|| rum d
040 |a SZTE Miscellanea Repozitórium  |b hun 
041 |a rum 
245 0 0 |a Hartă României Mare   |h [elektronikus dokumentum] :  |b [térkép] 
300 |a 1 
650 4 |a Bölcsészettudományok 
650 4 |a Történettudomány és régészet 
650 4 |a Történettudomány 
695 |a Románia - térkép 
856 4 0 |u http://misc.bibl.u-szeged.hu/68980/1/4355_115.pdf  |z Dokumentum-elérés